Logan Paul's WrestleMania Opponents - Statistics

General Stats
  • This quiz has been taken 151 times
    11 since last reset
  • The average score is 8 of 9
Answer Stats
WrestleMania Opponent % Correct
WrestleMania XL Randy Orton
100%
WrestleMania 39 Seth Rollins
100%
WrestleMania 38 Dominik Mysterio
89%
WrestleMania 42 Jey Uso
89%
WrestleMania 42 Jimmy Uso
89%
WrestleMania XL Kevin Owens
89%
WrestleMania 42 LA Knight
89%
WrestleMania 38 Rey Mysterio
89%
WrestleMania 41 AJ Styles
78%
No matching quizzes found
Score Distribution
Percent of People with Each Score
Percentile by Number Answered
Your Score History
You have not taken this quiz since the last reset